Pokémon - Les attaques de Têtampoule - Statistiques

Statistiques générales
  • Ce quiz a été pris 16 fois
  • Le résultat moyen est 10 sur 13
Statistiques - réponses
Niveaux Types Noms des attaques % Correct
Départ Normal Charge
100%
Niveau 7 Électrique Éclair
100%
Niveau 17 Électrique Chargeur
89%
Départ Sol Coud'Boue
89%
Niveau 32 Électrique Coup d'Jus
89%
Niveau 11 Eau Pistolet à O
89%
Niveau 21 Électrique Étincelle
78%
Niveau 24 Sol Tir de Boue
78%
Niveau 40 Électrique Champ Électrifié
67%
Niveau 50 Électrique Élecanon
67%
Niveau 45 Ténèbres Coup Bas
56%
Niveau 25 Normal Gigotage
33%
Niveau 36 Normal Ball'Météo
22%
Aucun quiz correspondant
Distribution des résultats
% des personnes avec chaque résultat
Percentile par nombre de réponses
Votre historique - résultats
Vous n’avez pas pris ce quiz